Credit risk and bank lending in the Czech Republic

Saved in:
Bibliographic Details
Main Author: Kadlčáková, Narcisa
Other Authors: Keplinger, Joerg
Format: Book
Language:English
Published: Praha Czech National Bank 2004
Series:Working paper series 6
Subjects:
Tags: Add Tag
No Tags, Be the first to tag this record!

MARC

LEADER 00000nam$a2200000$$$4500
001 0020953
005 20240503084915.7
041 0 |a eng 
044 |a CZ 
245 1 0 |a Credit risk and bank lending in the Czech Republic  |c Narcisa Kadlčáková, Joerg Keplinger 
264 1 |a Praha  |b Czech National Bank  |c 2004 
300 |a 45 s. 
490 1 |a Working paper series  |v 6 
830 0 |a Working paper series  |v 6 
610 2 0 |a banky 
610 2 0 |a bankovníctvo 
610 2 0 |a riziko úverové 
610 2 0 |a pôžičky 
610 2 0 |a modelovanie ekonometrické 
610 2 0 |a kapitál 
610 2 0 |a kurz devízový 
610 2 0 |a rating 
610 2 0 |a Česko 
100 1 |a Kadlčáková, Narcisa 
700 1 |a Keplinger, Joerg